| 000 | 00000nam##2200000za#4500 |
| 001 | 9.640662 |
| 003 | CaOODSP |
| 005 | 20210624222801 |
| 007 | cr ||||||||||| |
| 008 | 150407|1991||||xxc|||||o f|0| 0 fre|d |
| 040 | |aCaOODSP|bfre |
| 043 | |an-cn--- |
| 086 | 1 |aH68-30/1991F-PDF |
| 110 | 1 |aCanada.|bConseil national du bien-être social. |
| 245 | 10|aLes dangers qui guettent le financement de la santé et de l'enseignement supérieur |h[ressource électronique] |
| 260 | |aOttawa - Ontario : |bConseil national du bien-être social |c1991. |
| 300 | |a49p.|bgraphiques, références, tableaux |
| 500 | |aLe n° de catalogue (H68-30/1991F) et l'ISBN (0-662-96894-8) de l'édition imprimée ont été publication électronique. |
| 590 | |a12-35-Supp|b2012-08-09 |
| 691 | 07|aEnseignement postsecondaire|2gcpds |
| 691 | 07|aFinancement|2gcpds |
| 691 | 07|aSoins de santé|2gcpds |
| 775 | 08|tFunding health and higher education : |w(CaOODSP)9.696553 |
| 776 | 0#|tLes dangers qui guettent le financement de la santé et de l'enseignement supérieur : |w(CaOODSP)9.678773 |
| 856 | 40|ahttp://publications.gc.ca|qPDF|s1.74 Mo|uhttps://publications.gc.ca/collections/collection_2012/cnb-ncw/H68-30-1991-fra.pdf |